Cargando...
Privatisation of Health Care in India: A Comparative Analysis of Orissa, Karnataka and Maharashtra States
| Autor Principal: | |
|---|---|
| Formato: | Printed Book |
| Acceso en liña: | http://10.26.1.76/ks/002644.pdf |
| LEADER | 003720000a22000970004500 | ||
|---|---|---|---|
| 100 | |a Rama Vaidyanathan Baru | ||
| 245 | |a Privatisation of Health Care in India: A Comparative Analysis of Orissa, Karnataka and Maharashtra States | ||
| 856 | |u http://10.26.1.76/ks/002644.pdf | ||
| 942 | |c KS | ||
| 999 | |c 72032 |d 72032 | ||
| 952 | |0 0 |1 0 |4 0 |7 0 |9 63996 |a MGUL |b MGUL |d 2015-08-01 |l 0 |r 2015-08-01 |w 2015-08-01 |y KS | ||